| 000 | 00350nam a2200145Ia 4500 | ||
|---|---|---|---|
| 008 | 230917s9999||||xx |||||||||||||| ||und|| | ||
| 040 |
_e111537 _aMAIN |
||
| 041 | _aEnglish | ||
| 082 | _a346.03 P192L | ||
| 100 | _aPandey,J.N. | ||
| 245 | 0 | _aLaw of torts | |
| 250 | _a5th ed. | ||
| 260 |
_aAllahabad _bCentral Law Publications _c2005 |
||
| 942 | _cBK | ||
| 999 |
_c137859 _d137859 |
||